000 00474nmm a2200157Ia 4500
008 251105s9999||||xx |||||||||||||||||und||
020 _a9788481695670
041 _aspa
245 0 _aCiudadanía, multiculturalidad e inmigración
264 _a[Madrid, España] :
_bEditorial Verbo Divino,
_c2003
300 _a317 páginas
490 _aNuevos desafíos
650 _aEmigration and immigration
856 _uhttps://public.digitaliapublishing.com/a/1161
942 _cCF
999 _c85913
_d85913